Fundamentos de informática

Saved in:
Bibliografiske detaljer
Main Authors: Ureña López, Luis Alfonso (Author), Sánchez Solana, Antonio Miguel (Author), Martín Valdivia, María Teresa (Author), Mantas Ruiz, José Miguel (Author)
Format: Bog
Sprog:spansk
Udgivet: Ciudad de México Alfaomega 1999
Fag:
Tags: Tilføj Tag
Ingen Tags, Vær først til at tagge denne postø!

MARC

LEADER 00000cam a2200000 a 4500
001 UCO3381
003 CL-VaPUC
008 000720e19990000MX |||||||||||||||||spa|d
020 |a 9701503791 
082 0 4 |a 004  |b URE  |2 21 
100 0 |a Ureña López, Luis Alfonso  |e author  |9 447540 
700 0 |a Sánchez Solana, Antonio Miguel  |e author  |9 447541 
700 0 |a Martín Valdivia, María Teresa  |e author  |9 447542 
700 0 |a Mantas Ruiz, José Miguel  |e author  |9 447543 
245 1 0 |a Fundamentos de informática 
300 |a 307 p 
942 |c BK 
945 |d 20000720 00:00:00  |a cmena 
260 |a Ciudad de México  |b Alfaomega  |c 1999 
650 0 |a Informática   |9 260044 
650 7 |a HARDWARE  |2 CL-VaPUC  |9 345461 
650 7 |a INTELIGENCIA ARTIFICIAL  |2 CL-VaPUC  |9 447544 
650 0 |a Software  |9 387312 
583 |a last modification  |c 20000720 00:00:00  |k Rodrigo Vera 
999 |c 289836  |d 289834 
952 |0 0  |1 0  |4 0  |6 004_000000000000000_URE_1999  |7 0  |8 A  |9 338624  |a BIBING  |b BIBING  |d 2019-11-20  |i 3634299  |o 004 URE 1999  |p 3634299  |r 2024-01-25  |w 2019-11-20  |y BK  |k CCI 
952 |0 0  |1 1  |2 ddc  |4 0  |6 004_000000000000000_URE_1999  |7 0  |8 A  |9 338626  |a BIBING  |b BIBING  |d 2019-11-20  |i 3634310  |o 004 URE 1999  |p 3634310  |r 2023-03-06  |w 2019-11-20  |y BK  |k CCI 
952 |0 0  |1 0  |4 0  |6 004_000000000000000_URE_1999  |7 0  |8 A  |9 338628  |a BIBING  |b BIBING  |d 2019-11-20  |i 3634337  |o 004 URE 1999  |p 3634337  |r 2024-01-25  |w 2019-11-20  |y BK  |k CCI 
952 |0 0  |1 0  |4 0  |6 004_000000000000000_URE_1999  |7 0  |8 A  |9 338629  |a BIBING  |b BIBING  |d 2019-11-20  |i 3634345  |o 004 URE 1999  |p 3634345  |r 2024-01-25  |w 2019-11-20  |y BK  |k CCI 
952 |0 0  |1 0  |4 0  |6 004_000000000000000_URE_1999  |7 0  |8 A  |9 338633  |a BIBING  |b BIBING  |d 2019-11-20  |i 3663205  |o 004 URE 1999  |p 3663205  |r 2024-01-25  |w 2019-11-20  |y BK  |k CCI 
952 |0 0  |1 0  |4 0  |6 004_000000000000000_URE_1999  |7 0  |8 A  |9 338634  |a BIBING  |b BIBING  |d 2019-11-20  |i 3663213  |o 004 URE 1999  |p 3663213  |r 2024-01-25  |w 2019-11-20  |y BK  |k CCI 
952 |0 0  |1 0  |4 0  |6 004_000000000000000_URE_1999  |7 0  |8 A  |9 338635  |a BIBING  |b BIBING  |d 2019-11-20  |i 3663221  |o 004 URE 1999  |p 3663221  |r 2024-01-25  |w 2019-11-20  |y BK  |k CCI 
952 |0 0  |1 0  |4 0  |6 004_000000000000000_URE_1999  |7 0  |8 A  |9 338639  |a BIBING  |b BIBING  |d 2019-11-20  |i 3663264  |o 004 URE 1999  |p 3663264  |r 2024-01-25  |w 2019-11-20  |y BK  |k CCI 
952 |0 0  |1 0  |4 0  |6 004_000000000000000_URE_1999  |7 0  |8 A  |9 338640  |a BIBING  |b BIBING  |d 2019-11-20  |i 3663272  |o 004 URE 1999  |p 3663272  |r 2024-01-25  |w 2019-11-20  |y BK  |k CCI 
952 |0 0  |1 0  |4 0  |6 004_000000000000000_URE_1999  |7 0  |8 A  |9 338641  |a BIBING  |b BIBING  |d 2019-11-20  |i 3663280  |o 004 URE 1999  |p 3663280  |r 2024-01-25  |w 2019-11-20  |y BK  |k CCI 
952 |0 0  |1 0  |4 0  |6 004_000000000000000_URE_1999  |7 0  |8 A  |9 338642  |a BIBING  |b BIBING  |d 2019-11-20  |i 4386469  |l 1  |m 2  |o 004 URE 1999  |p 4386469  |r 2024-01-25  |s 2022-11-16  |w 2019-11-20  |y BK  |k CCI 
952 |0 0  |1 0  |4 0  |6 004_000000000000000_URE_1999  |7 0  |8 A  |9 338643  |a BIBING  |b BIBING  |d 2019-11-20  |i 4386477  |o 004 URE 1999  |p 4386477  |r 2024-01-25  |w 2019-11-20  |y BK  |k CCI 
952 |0 0  |1 0  |4 0  |6 004_000000000000000_URE_1999  |7 0  |8 A  |9 338648  |a BIBING  |b BIBING  |d 2019-11-20  |i 447872K  |o 004 URE 1999  |p 447872K  |r 2024-01-25  |w 2019-11-20  |y BK  |k CCI 
952 |0 0  |1 0  |4 0  |6 004_000000000000000_URE_1999  |7 0  |8 A  |9 338649  |a BIBING  |b BIBING  |d 2019-11-20  |i 4478738  |o 004 URE 1999  |p 4478738  |r 2024-01-25  |w 2019-11-20  |y BK  |k CCI 
952 |0 0  |1 0  |4 0  |6 004_000000000000000_URE_1999  |7 0  |8 A  |9 338652  |a BIBING  |b BIBING  |d 2019-11-20  |i 4478762  |o 004 URE 1999  |p 4478762  |r 2024-01-25  |w 2019-11-20  |y BK  |k CCI 
952 |0 0  |1 0  |4 0  |6 004_000000000000000_URE_1999  |7 0  |8 A  |9 338653  |a BIBING  |b BIBING  |d 2019-11-20  |i 4478770  |o 004 URE 1999  |p 4478770  |r 2024-01-25  |w 2019-11-20  |y BK  |k CCI 
952 |0 0  |1 1  |2 ddc  |4 0  |6 004_000000000000000_URE_1999  |7 0  |8 A  |9 338654  |a BIBING  |b BIBING  |d 2019-11-20  |i 4478789  |o 004 URE 1999  |p 4478789  |r 2023-03-06  |w 2019-11-20  |y BK  |k CCI 
952 |0 0  |1 0  |4 0  |6 004_000000000000000_URE_1999  |7 0  |8 A  |9 338658  |a BIBING  |b BIBING  |d 2019-11-20  |i 4478827  |o 004 URE 1999  |p 4478827  |r 2024-01-25  |w 2019-11-20  |y BK  |k CCI 
952 |0 0  |1 0  |4 0  |6 004_000000000000000_URE_1999  |7 0  |8 A  |9 338661  |a BIBING  |b BIBING  |d 2019-11-20  |i 4478851  |o 004 URE 1999  |p 4478851  |r 2024-01-25  |w 2019-11-20  |y BK  |k CCI 
952 |0 0  |1 0  |4 0  |6 004_000000000000000_URE_1999  |7 0  |8 A  |9 338662  |a BIBING  |b BIBING  |d 2019-11-20  |i 447886K  |o 004 URE 1999  |p 447886K  |r 2024-01-25  |w 2019-11-20  |y BK  |k CCI 
952 |0 0  |1 0  |4 0  |6 004_000000000000000_URE_1999  |7 0  |8 A  |9 338663  |a BIBING  |b BIBING  |d 2019-11-20  |i 4478878  |o 004 URE 1999  |p 4478878  |r 2024-01-25  |w 2019-11-20  |y BK  |k CCI 
952 |0 0  |1 1  |2 ddc  |4 0  |6 004_000000000000000_URE_1999  |7 0  |8 A  |9 338665  |a BIBING  |b BIBING  |d 2019-11-20  |i 4478894  |o 004 URE 1999  |p 4478894  |r 2023-03-06  |w 2019-11-20  |y BK  |k CCI 
952 |0 0  |1 0  |4 0  |6 004_000000000000000_URE_1999  |7 0  |8 A  |9 338666  |a BIBING  |b BIBING  |d 2019-11-20  |i 4478908  |o 004 URE 1999  |p 4478908  |r 2024-01-25  |w 2019-11-20  |y BK  |k CCI 
952 |0 0  |1 0  |4 0  |6 004_000000000000000_URE_1999  |7 0  |8 A  |9 338668  |a BIBING  |b BIBING  |d 2019-11-20  |i 4581334  |o 004 URE 1999  |p 4581334  |r 2024-01-25  |w 2019-11-20  |y BK  |k CCI 
952 |0 0  |1 0  |4 0  |6 004_000000000000000_URE_1999  |7 0  |8 A  |9 338669  |a BIBING  |b BIBING  |d 2019-11-20  |i 4581342  |o 004 URE 1999  |p 4581342  |r 2024-01-25  |w 2019-11-20  |y BK  |k CCI 
952 |0 0  |1 0  |4 0  |6 004_000000000000000_URE_1999  |7 0  |8 A  |9 338670  |a BIBING  |b BIBING  |d 2019-11-20  |i 4581350  |o 004 URE 1999  |p 4581350  |r 2024-01-25  |w 2019-11-20  |y BK  |k CCI 
952 |0 0  |1 0  |4 0  |6 004_000000000000000_URE_1999  |7 0  |8 A  |9 338672  |a BIBING  |b BIBING  |d 2019-11-20  |i 4581385  |o 004 URE 1999  |p 4581385  |r 2024-01-25  |w 2019-11-20  |y BK  |k CCI 
952 |0 0  |1 0  |4 0  |6 004_000000000000000_URE_1999  |7 0  |8 A  |9 338673  |a BIBING  |b BIBING  |d 2019-11-20  |i 4581377  |o 004 URE 1999  |p 4581377  |r 2024-01-25  |w 2019-11-20  |y BK  |k CCI 
952 |0 0  |1 0  |4 0  |6 004_000000000000000_URE_1999  |7 0  |8 A  |9 338674  |a BIBING  |b BIBING  |d 2019-11-20  |i 4581393  |o 004 URE 1999  |p 4581393  |r 2024-01-25  |w 2019-11-20  |y BK  |k CCI 
952 |0 0  |1 0  |4 0  |6 004_000000000000000_URE_1999  |7 0  |8 A  |9 338675  |a BIBING  |b BIBING  |d 2019-11-20  |i 4581407  |o 004 URE 1999  |p 4581407  |r 2024-01-25  |w 2019-11-20  |y BK  |k CCI 
952 |0 0  |1 0  |4 0  |6 004_000000000000000_URE_1999  |7 0  |8 A  |9 338676  |a BIBING  |b BIBING  |d 2019-11-20  |i 4581415  |o 004 URE 1999  |p 4581415  |r 2024-01-25  |w 2019-11-20  |y BK  |k CCI 
952 |0 0  |1 0  |4 0  |6 004_000000000000000_URE_1999  |7 0  |8 A  |9 338677  |a BIBING  |b BIBING  |d 2019-11-20  |i 4581423  |o 004 URE 1999  |p 4581423  |r 2024-01-25  |w 2019-11-20  |y BK  |k CCI 
952 |0 0  |1 0  |4 0  |6 004_000000000000000_URE_1999  |7 0  |8 A  |9 338679  |a BIBING  |b BIBING  |d 2019-11-20  |i 458144K  |o 004 URE 1999  |p 458144K  |r 2024-01-25  |w 2019-11-20  |y BK  |k CCI 
952 |0 0  |1 0  |4 0  |6 004_000000000000000_URE_1999  |7 0  |8 A  |9 338687  |a BIBING  |b BIBING  |d 2019-11-20  |i 4641434  |o 004 URE 1999  |p 4641434  |r 2024-01-25  |w 2019-11-20  |y BK  |k CCI 
952 |0 0  |1 0  |4 0  |6 004_000000000000000_URE_1999  |7 0  |8 A  |9 338693  |a BIBING  |b BIBING  |d 2019-11-20  |i 4676076  |o 004 URE 1999  |p 4676076  |r 2024-01-25  |w 2019-11-20  |y BK  |k CCI 
952 |0 0  |1 0  |4 0  |6 004_000000000000000_URE_1999  |7 0  |8 A  |9 338694  |a BIBING  |b BIBING  |d 2019-11-20  |i 4676084  |o 004 URE 1999  |p 4676084  |r 2024-01-25  |w 2019-11-20  |y BK  |k CCI 
952 |0 0  |1 0  |4 0  |6 004_000000000000000_URE_1999  |7 0  |8 A  |9 338695  |a BIBING  |b BIBING  |d 2019-11-20  |i 4676092  |o 004 URE 1999  |p 4676092  |r 2024-01-25  |w 2019-11-20  |y BK  |k CCI 
952 |0 0  |1 0  |4 0  |6 004_000000000000000_URE_1999  |7 0  |8 A  |9 338696  |a BIBING  |b BIBING  |d 2019-11-20  |i 4676106  |o 004 URE 1999  |p 4676106  |r 2024-01-25  |w 2019-11-20  |y BK  |k CCI 
952 |0 0  |1 0  |4 0  |6 004_000000000000000_URE_1999  |7 0  |8 A  |9 338699  |a BIBING  |b BIBING  |d 2019-11-20  |i 4769163  |o 004 URE 1999  |p 4769163  |r 2024-01-25  |w 2019-11-20  |y BK  |k CCI 
952 |0 0  |1 0  |4 0  |6 004_000000000000000_URE_1999  |7 0  |8 A  |9 338700  |a BIBING  |b BIBING  |d 2019-11-20  |i 4769171  |o 004 URE 1999  |p 4769171  |r 2024-01-25  |w 2019-11-20  |y BK  |k CCI 
952 |0 0  |1 0  |4 0  |6 004_000000000000000_URE_1999  |7 0  |8 A  |9 338701  |a BIBING  |b BIBING  |d 2019-11-20  |i 476918K  |o 004 URE 1999  |p 476918K  |r 2024-01-25  |w 2019-11-20  |y BK  |k CCI 
952 |0 0  |1 0  |4 0  |6 004_000000000000000_URE_1999  |7 0  |8 A  |9 338702  |a BIBING  |b BIBING  |d 2019-11-20  |i 4769198  |o 004 URE 1999  |p 4769198  |r 2024-01-25  |w 2019-11-20  |y BK  |k CCI 
952 |0 0  |1 0  |4 0  |6 004_000000000000000_URE_1999  |7 0  |8 A  |9 338704  |a BIBING  |b BIBING  |d 2019-11-20  |i 476921K  |o 004 URE 1999  |p 476921K  |r 2024-01-25  |w 2019-11-20  |y BK  |k CCI 
952 |0 0  |1 0  |4 0  |6 004_000000000000000_URE_1999  |7 0  |8 A  |9 338707  |a BIBING  |b BIBING  |d 2019-11-20  |i 4769244  |o 004 URE 1999  |p 4769244  |r 2024-01-25  |w 2019-11-20  |y BK  |k CCI